LEADER 00971nam a2200241 i 4500 001 000000202443 003 CaOOAMICUS 005 20110524000000.0 008 110524s1923 fr u000 u fre u 013 $a181152 040 $aSeMil$bita 100 1 $aLévesque, L.$0(OLS)http://semarc/name/73157 245 13$aLe B Jean Eudes :$bSa spiritualité /$cPar L. Lévesque. 260 $aSaint-Maximin (Var) :$bÉditions de la Vie spirituelle,$c1923. 300 $a40 p. ;$c19 cm. 500 $aFondo Card. Giovanni Colombo. 600 14$aEudes, Jean .$0(OLS)http://semarc/subject/9874 850 $aSeMil 852 $aSeMil$W1$xVenegono$y1$m5D VIII 22/33$j152966$B152966$CSeMilBibl$Z2$F163985 $81 941 1 $a3 961 $aLascito: Colombo Card. Giovanni 996 $6245$aLe B Jean Eudes :$bSa spiritualité$9(OLS)http://semarc/title/293068 996 $6260$aSaint-Maximin (Var) :$bÉditions de la Vie spirituelle$9(OLS)http://semarc/publisher/49752 LEADER 01234nam a2200229 i 4500 001 000000067367 003 CaOOAMICUS 005 20260219090144.0 008 130605s1758 xx u000 u fre u 013 $a38539 026 $a2.s- s.de der- drde (3) 1758 (R) 040 $aSeMil$bita 245 10$aPremière partie, dans laquelle on traite des préjugés qui font souffrir pour des offenses imaginaires; & des raisons de supporter les offenses mêmes qu'on suppose réelles. 300 $aXLVIII, 411, [3] p. 500 $aSegn.: a-b12 A-R12 S4(-S4). 773 0 $aBonnaire, Louis : de <1679-1752>$tLeçons de la sagesse sur les défauts des hommes. ... par M. Debonnaire.$bNouvelle édition revue et corrigée.$dA Paris : Chez Briasson, libraire, ruë S. Jacques, à la Science, & à l'Ange Gardien, 1758.$g1$w()9257 850 $aSeMil 852 $aSeMil$W1$xVenegono$y1$m2O I 5 FA$j33520$B33520$CSeMilBibl$Z2$F33523 $8I 941 1 $a10 961 $aRecupero: Mantegazza 996 $6245$aPremière partie, dans laquelle on traite des préjugés qui font souffrir pour des offenses imaginaires; & des raisons de supporter les offenses mêmes qu'on suppose réelles$9(OLS)http://semarc/title/107370